|
|
|
|
| LEADER |
01095nam a2200301 a 4500 |
| 001 |
42395 |
| 003 |
BD-DhAAL |
| 008 |
240310t1997 nyua b 001 0 eng d |
| 010 |
|
|
|a 96003175
|
| 020 |
|
|
|a 0471287261
|
| 020 |
|
|
|a 0442021267
|
| 040 |
|
|
|a DLC
|c DLC
|d DLC
|d BD-DhAAL
|
| 043 |
|
|
|a n-us---
|
| 050 |
0 |
0 |
|a NA2545.P5
|b C68 1997
|
| 082 |
0 |
0 |
|a 720.420973
|
| 100 |
1 |
|
|a Covington, George A.
|9 56106
|
| 245 |
1 |
0 |
|a Access by design /
|c George A. Covington, Bruce Hannah.
|
| 264 |
|
|
|a New York :
|b Van Nostrand Reinhold,
|c c1997.
|
| 300 |
|
|
|a 240 pages :
|b illustrations ;
|c 29 cm.
|
| 504 |
|
|
|a Includes bibliographical references (pages 223-228) and index.
|
| 541 |
|
|
|a Donation from the Asia Foundation
|e 42395
|
| 650 |
|
0 |
|a Barrier-free design
|z United States.
|9 56107
|
| 650 |
|
0 |
|a Architecture.
|
| 700 |
1 |
|
|a Hannah, Bruce.
|9 56108
|
| 852 |
|
|
|a Ayesha Abed Library
|
| 942 |
|
|
|2 ddc
|c BK
|
| 999 |
|
|
|c 46446
|d 46446
|
| 952 |
|
|
|0 0
|1 0
|2 ddc
|4 0
|6 720_420973000000000_COV
|7 0
|9 75232
|a SCL
|b SCL
|c GEN
|d 2024-03-10
|e Donation from the Asia Foundation
|l 0
|o 720.420973 COV
|p 3020042395
|r 2024-03-10
|t 1
|w 2024-03-10
|y BK
|